书目信息 |
| 题名: |
城市生态学
|
|
| 作者: | 杨小波 , 吴庆书 编著 | |
| 分册: | ||
| 出版信息: | 北京 科学出版社 2006 |
|
| 页数: | 11,318页 | |
| 开本: | 24cm | |
| 丛书名: | ||
| 单 册: | ||
| 中图分类: | X21 | |
| 科图分类: | ||
| 主题词: | 城市环境--环境生态学 , 城市环境 , 环境生态学 | |
| 电子资源: | ||
| ISBN: | 978-7-03-017532-8 | |
| 000 | 00961nam0 2200289 450 | |
| 001 | 003245931 | |
| 005 | 20070810144423.75 | |
| 010 | @a978-7-03-017532-8@dCNY45.00 | |
| 035 | @a003245931 | |
| 100 | @a20060104e20072006em y0chiy0110 ea | |
| 101 | 0 | @achi |
| 102 | @aCN@b110000 | |
| 105 | @aa z 000yy | |
| 106 | @ar | |
| 200 | 1 | @a城市生态学@Acheng shi sheng tai xue@f杨小波,吴庆书等编著@Fyang xiao bo, wu qing shu deng bian zhu |
| 205 | @a2版 | |
| 210 | @a北京@c科学出版社@d2006@h2007重印 | |
| 215 | @a11,318页@c图@d24cm | |
| 330 | @a本书主要内容有生态系统基础理论、城市生态系统、城市人口、城市环境、城市灾害及其防治、城市景观生态、城市环境质量评价与持续发展、城市化与社区发展。 | |
| 606 | 0 | @a城市环境@x环境生态学 |
| 606 | 0 | @a城市环境 |
| 606 | 0 | @a环境生态学 |
| 690 | @aX21@v4 | |
| 701 | 0 | @a杨小波@Ayang xiao bo@c(城市生态学)@4编著 |
| 701 | 0 | @a吴庆书@Awu qing shu@f(1962~)@4编著 |
| 801 | 0 | @aCN@bNLC@c20070810 |
| 905 | @dX21@e106=2@f4 | |
| 城市生态学/杨小波,吴庆书等编著.-2版.-北京:科学出版社,2006(2007重印) |
| 11,318页:图;24cm |
| ISBN 978-7-03-017532-8:CNY45.00 |
| 本书主要内容有生态系统基础理论、城市生态系统、城市人口、城市环境、城市灾害及其防治、城市景观生态、城市环境质量评价与持续发展、城市化与社区发展。 |
| ● |
| 相关链接 |
|
|
|
|
正题名:城市生态学
索取号:X21/106=2
 
预约/预借
| 序号 | 登录号 | 条形码 | 馆藏地/架位号 | 状态 | 备注 |
| 1 | 0851702 | 208517023 | 第二样本阅览室/ [索取号:X21/106=2] | 在馆 | |
| 2 | 0851703 | 208517032 | 第三借阅区/ [索取号:X21/106=2] | 在馆 | |
| 3 | 0851704 | 208517041 | 第三借阅区/ [索取号:X21/106=2] | 在馆 | |
| 4 | 0851705 | 208517050 | 第三借阅区/ [索取号:X21/106=2] | 在馆 |